Capitales mondiales les plus proches de Londres - Statistiques

Statistiques générales
  • Ce quiz a été pris 186 fois
  • Le résultat moyen est 19 sur 22
Statistiques - réponses
km capitale % Correct
343 Paris
100%
933 Berlin
99%
464 Dublin
99%
321 Bruxelles
98%
358 Amsterdam
97%
1265 Madrid
95%
1434 Rome
93%
747 Berne
91%
490 Luxembourg
91%
1155 Oslo
91%
957 Copenhague
89%
1236 Vienne
89%
1435 Stockholm
86%
1032 Monaco
83%
1035 Prague
78%
1008 Andorre- la-Vieille
75%
850 Vaduz
75%
1432 Vatican
73%
1260 Saint-Marin
72%
1339 Zagreb
63%
1229 Ljubljana
60%
1289 Bratislava
59%
Aucun quiz correspondant
Distribution des résultats
% des personnes avec chaque résultat
Percentile par nombre de réponses
Votre historique - résultats
Vous n’avez pas pris ce quiz